000 01533nam a22002777a 4500
005 20090727150128.0
008 090608t xxu||||| |||| 00| 0 hin d
010 _aHIN-87484
020 _a9788128812842
_c200.00
035 _aHN-59830
037 _bDBAD / PUB
040 _adpl
_bhn
082 _a686.22544
100 _aमिन्हास, देवेन्द्र सिंह
245 _aडायनैमिक मैमरी एडवांस डीटीपी कोर्स /
_cदेवेन्द्र सिंह मिन्हास
246 _aDynamic memory advance DTP course
_bby Devinder Singh Minhas
260 _aनई दिल्ली
_bडयमंड पॉकेट बुक्स
_c2009
270 _aएक्स-30, ओखला इंडस्ट्रियल एरिया, फेज-2
_bनई दिल्ली
_e110020
_k011-41611861, 40712100
_l011-41611866
_msales@dpb.in
300 _a458पृ.
_c24सेमी (अजिल्द)
_bसचित्र
650 _aडेस्कटॉप पब्लिशिंग
650 _aDesktop publishing
650 _aमाइक्रोसॉफ्ट वर्ड
650 _aMicrosoft word
942 _2ddc
_cHN
_mदेवेन्द्र
_h686.22544
999 _c28718
_d28718